书目信息 |
| 题名: |
聋儿家庭康复教材
|
|
| 作者: | 汤小泉 主编 ;中国聋儿康复研究中心 编著 | |
| 分册: | ||
| 出版信息: | 北京 华夏出版社 2012 |
|
| 页数: | 230页 | |
| 开本: | 21cm | |
| 丛书名: | ||
| 单 册: | ||
| 中图分类: | G762.2 , R764.430.9 | |
| 科图分类: | ||
| 主题词: | 聋哑教育--儿童教育--语言能力--康复训练--教材 , 聋哑教育--儿童教育--听觉--康复训练--教材 , 聋哑教育 , 儿童教育 , 语言能力 , 听觉 , 康复训练 | |
| 电子资源: | ||
| ISBN: | 978-7-5080-7065-0 | |
| 000 | 01206nam0 2200325 450 | |
| 001 | 1532552460 | |
| 005 | 20150203090258.12 | |
| 010 | @a978-7-5080-7065-0@dCNY22.00 | |
| 100 | @a20121027d2012 em y0chiy50 ea | |
| 101 | 0 | @achi |
| 102 | @aCN@b110000 | |
| 105 | @aa z 000yy | |
| 200 | 1 | @a聋儿家庭康复教材@9long er jia ting kang fu jiao cai@f汤小泉主编@g中国聋儿康复研究中心编著 |
| 205 | @a2版 | |
| 210 | @a北京@c华夏出版社@d2012 | |
| 215 | @a230页@c图@d21cm | |
| 330 | @a本书以耳科学、听力学、电声学、心理学、特殊教育学、幼儿教育学、语言学等方面的理论为依据,结合我国广大聋儿家庭的实际能力和水平,以聋儿康复教育中常见的实际问题为基础,以解决聋儿家长在康复中缺少方法为出发点,总结并选择了一些行之有效的科学方法。 | |
| 606 | 0 | @a聋哑教育@x儿童教育@x语言能力@x康复训练@j教材 |
| 606 | 0 | @a聋哑教育@x儿童教育@x听觉@x康复训练@j教材 |
| 606 | 0 | @a聋哑教育 |
| 606 | 0 | @a儿童教育 |
| 606 | 0 | @a语言能力 |
| 606 | 0 | @a听觉 |
| 606 | 0 | @a康复训练 |
| 690 | @aG762.2@v5 | |
| 690 | @aR764.430.9@v5 | |
| 701 | 0 | @a汤小泉@9tang xiao quan@4主编 |
| 712 | 02 | @a中国聋儿康复研究中心@9zhong guo long er kang fu yan jiu zhong xin@4编著 |
| 801 | 0 | @aCN@bTSSF@c20150203 |
| 905 | @aZUCC@dG762.2@eJY6=2 | |
| 聋儿家庭康复教材/汤小泉主编/中国聋儿康复研究中心编著.-2版.-北京:华夏出版社,2012 |
| 230页:图;21cm |
| ISBN 978-7-5080-7065-0:CNY22.00 |
| 本书以耳科学、听力学、电声学、心理学、特殊教育学、幼儿教育学、语言学等方面的理论为依据,结合我国广大聋儿家庭的实际能力和水平,以聋儿康复教育中常见的实际问题为基础,以解决聋儿家长在康复中缺少方法为出发点,总结并选择了一些行之有效的科学方法。 |
| ● |
| 相关链接 |
|
|
|
|
正题名:聋儿家庭康复教材
索取号:G762.2/JY6=2
 
预约/预借
| 序号 | 登录号 | 条形码 | 馆藏地/架位号 | 状态 | 备注 |
| 1 | 7865173 | 278651736 | 学院路分馆/ [索取号:G762.2/JY6=2] | 在馆 |